Detalles MARC
| 000 -LIDER |
| fixed length control field |
01043nam a22002657a 4500 |
| 003 - IDENTIFICACDOR DE NÚMERO DE CONTROL |
| control field |
DO-SdBNP |
| 005 - DATE AND TIME OF LATEST TRANSACTION |
| control field |
20250221100547.0 |
| 008 - ELEMENTOS DE LONGITUD FIJA |
| fixed length control field |
171120b 2018 sp |00| 0 spa d |
| 020 ## - ISBN |
| International Standard Book Number |
9788408182306 |
| 040 ## - FUENTE DE CATALOGACIÓN |
| Agencia que crea de manera original el registro |
BPMSU |
| Idioma de catalogación |
spa |
| Agencia que realiza la transcripción |
BPMSU |
| 082 #4 - NÚMERO DE CLASIFICACIÓN DECIMAL DE DEWEY |
| Classification number |
823 |
| Item number |
C319a 2018 |
| Edition number |
22 |
| 100 1# - ASIENTO PRINCIPAL -- NOMBRE PERSONAL |
| Nombre personal |
Carroll, Lewis |
| Fechas asociadas con el nombre |
1832-1898, |
| 245 10 - MENCIÓN DE TITULO |
| Título |
A través del espejo y lo que Alicia encontró allí / |
| Mención de responsabilidad |
Lewis Carroll ; ilustraciones de John Tenniel ; traducción Juan Gabriel Guix |
| 260 ## - PUBLICACIÓN, DISTRIBUCIÓN, ETC. (PIE DE IMPRENTA) |
| Lugar de publicación, distribución, etc |
Barcelona, España : |
| Nombre del editor, distribuidor, etc. |
Editorial Planeta, |
| Fecha de publicación, distribución, etc |
2018 |
| 300 ## - DESCRIPCIÓN FÍSICA |
| Extensión |
220 p. ; |
| Dimensiones |
18 cm. |
| 534 ## - NOTA SOBRE LA VERSIÓN ORIGINAL |
| Asiento principal del original |
Título original : |
| Mención del título original |
Alice s adventures in wonderland. trough the looking glass and what Alice found there. |
| 590 ## - NOTA LOCAL |
| Texto de la nota local |
Inventariado, 2023/VM |
| 600 14 - ENCABEZAMIENTO DE MATERIA--NOMBRE PERSONAL |
| Nombre personal |
Carroll, Lewis, |
| Fechas asociadas con el nombre |
1832-1898 |
| Subdivisión temática general |
Crítica e interpretación. |
| 650 #4 - ENCABEZAMIENTO DE MATERIA--TEMÁTICO |
| Término temático o nombre geográfico como elemento de entrada |
Cuentos juveniles ingleses |
| 650 #4 - ENCABEZAMIENTO DE MATERIA--TEMÁTICO |
| Término temático o nombre geográfico como elemento de entrada |
Literatura juvenil inglesa |
| 700 1# - ASIENTO SECUNDARIO -- NOMBRE PERSONAL |
| Nombre personal |
Tenniel, John, |
| Mención de responsabilidad |
ilustraciones |
| 700 1# - ASIENTO SECUNDARIO -- NOMBRE PERSONAL |
| Nombre personal |
Guix, Juan Gabriel |
| Mención de responsabilidad |
tr. |
| 910 ## - VALIDACIÓN |
| Validación |
LOPEREZ/ VMateo V. Control de calidad. BPMSU |
| 942 ## - ADDED ENTRY ELEMENTS (KOHA) |
| Source of classification or shelving scheme |
Dewey Decimal Classification |
| Koha item type |
Libros |